000 00842nam a22002177a 4500
003 0
005 20250220104620.0
008 250220b xxu||||| |||| 00| 0 eng d
050 _aHF 5686
_b.R63 2023
100 _aRobles, Mary Shay F.
245 _aIssues and concerns on inventory management practices as noted by selected external auditors in Makati City
_cMary Shay F. Robles
260 _aLas Pinas City
_bSouthville International School and Colleges
_c2023
300 _ax, 127 pages ;
_c28cm.
500 _aBachelor of Science in Accountancy.
504 _aIncludes bibliographical references and appendices.
650 _aInventory control – Philippines.
650 _aAuditing – Philippines.
650 _aInventory management – Philippines.
650 _aBusiness logistics – Philippines.
942 _2lcc
_cTH
999 _c367259
_d367259